| 000 -LEADER |
| fixed length control field |
01650cam a22004097a 4500 |
| 001 - CONTROL NUMBER |
| control field |
10468910 |
| 003 - CONTROL NUMBER IDENTIFIER |
| control field |
OSt |
| 005 - DATE AND TIME OF LATEST TRANSACTION |
| control field |
20211101102807.0 |
| 006 - FIXED-LENGTH DATA ELEMENTS--ADDITIONAL MATERIAL CHARACTERISTICS |
| fixed length control field |
m d |
| 007 - PHYSICAL DESCRIPTION FIXED FIELD--GENERAL INFORMATION |
| fixed length control field |
cr n |
| 008 - FIXED-LENGTH DATA ELEMENTS--GENERAL INFORMATION |
| fixed length control field |
050906s2006 gw a sb 001 0 eng d |
| 016 7# - NATIONAL BIBLIOGRAPHIC AGENCY CONTROL NUMBER |
| Record control number |
973670800 |
| Source |
GyFmDB |
| 020 ## - INTERNATIONAL STANDARD BOOK NUMBER |
| International Standard Book Number |
3540251618 (English edition : pbk.) |
| 035 ## - SYSTEM CONTROL NUMBER |
| System control number |
(WaSeSS)ssj0000246141 |
| 038 ## - RECORD CONTENT LICENSOR |
| Staff Name |
khadija |
| 040 ## - CATALOGING SOURCE |
| Original cataloging agency |
OHX |
| Transcribing agency |
OHX |
| Modifying agency |
HNK |
| -- |
NIC |
| -- |
DLC |
| -- |
WaSeSS |
| 041 1# - LANGUAGE CODE |
| Language code of text/sound track or separate title |
eng |
| Language code of original |
ger |
| 050 #4 - LIBRARY OF CONGRESS CALL NUMBER |
| Classification number |
TJ756 |
| Item number |
.V47 2006 |
| 072 #7 - SUBJECT CATEGORY CODE |
| Subject category code |
TJ |
| Source |
lcco |
| 082 00 - DEWEY DECIMAL CLASSIFICATION NUMBER |
| Classification number |
621.43 |
| Edition number |
22 |
| Author Mark |
MER |
| 130 0# - MAIN ENTRY--UNIFORM TITLE |
| Uniform title |
Verbrennungsmotoren. |
| Language of a work |
English |
| 9 (RLIN) |
83570 |
| 210 10 - ABBREVIATED TITLE |
| Abbreviated title |
Simulating combustion |
| 245 10 - TITLE STATEMENT |
| Title |
Simulating Combustion : |
| Remainder of title |
simulation of combustion and pollutant formation for engine-development / |
| Statement of responsibility, etc. |
Günter P. Merker |
| 260 ## - PUBLICATION, DISTRIBUTION, ETC. |
| Place of publication, distribution, etc. |
Berlin ; |
| -- |
New York : |
| Name of publisher, distributor, etc. |
Springer, |
| Date of publication, distribution, etc. |
c2006. |
| 500 ## - GENERAL NOTE |
| General note |
"Originally published as Verbrennungsmotoren. Simulation der Verbrennung und Schadstoffbildung."--T.p. verso. |
| 504 ## - BIBLIOGRAPHY, ETC. NOTE |
| Bibliography, etc. note |
Includes bibliographical references (p. [382]-390) and index. |
| 506 ## - RESTRICTIONS ON ACCESS NOTE |
| Terms governing access |
License restrictions may limit access. |
| 563 ## - BINDING INFORMATION |
| Binding note |
PB |
| 650 #0 - SUBJECT ADDED ENTRY--TOPICAL TERM |
| Topical term or geographic name entry element |
Internal combustion engines |
| General subdivision |
Combustion |
| -- |
Mathematical models. |
| 9 (RLIN) |
83571 |
| 650 #0 - SUBJECT ADDED ENTRY--TOPICAL TERM |
| Topical term or geographic name entry element |
Combustion gases |
| General subdivision |
Mathematical models. |
| 9 (RLIN) |
83572 |
| 650 #0 - SUBJECT ADDED ENTRY--TOPICAL TERM |
| Topical term or geographic name entry element |
Automobiles |
| General subdivision |
Motors |
| -- |
Exhaust gas |
| -- |
Mathematical models. |
| 9 (RLIN) |
83573 |
| 700 1# - ADDED ENTRY--PERSONAL NAME |
| Personal name |
Merker, Günter P. |
| Fuller form of name |
(Günter Peter) |
| 9 (RLIN) |
83574 |
| 773 #0 - HOST ITEM ENTRY |
| Title |
SpringerLink ebooks - Engineering (2006) |
| 856 40 - ELECTRONIC LOCATION AND ACCESS |
| Uniform Resource Identifier |
<a href="http://www.columbia.edu/cgi-bin/cul/resolve?clio10468910">http://www.columbia.edu/cgi-bin/cul/resolve?clio10468910</a> |
| Public note |
Full text available from SpringerLink ebooks - Engineering (2006) |
| 910 ## - USER-OPTION DATA (OCLC) |
| User-option data |
Library of Congress record |
| 942 ## - ADDED ENTRY ELEMENTS (KOHA) |
| Source of classification or shelving scheme |
|
| Koha item type |
Book |